| 000 | 00628nam a2200217 a 4500 | ||
|---|---|---|---|
| 999 |
_c2231 _d2231 |
||
| 001 | 2231 | ||
| 003 | BD-JhCC | ||
| 005 | 20171031105724.0 | ||
| 008 | 171031s1974 bg ||||| ||a| 00| 0 ben d | ||
| 035 | _a(BD-JhCC)2231 | ||
| 040 |
_aBD-JhCC _dBD-JhCC |
||
| 041 | _aben | ||
| 082 |
_a891.4409 _bFOJ 1974 |
||
| 100 | _aফজল, আবুল | ||
| 245 |
_aসাহিত্য ও অন্যান্য প্রসঙ্গ / _cআবুল ফজল |
||
| 260 |
_aঢাকা : _bমুক্তধারা, _c1974. |
||
| 300 |
_a141 p. : _c20 cm. |
||
| 650 | _aBengali literature | ||
| 942 |
_2ddc _cBK |
||